[Event "Guben op 16th"]
[Site "Guben"]
[Date "2013.01.04"]
[Round "6"]
[White "Schmidek, Emil"]
[Black "Richter, Daniel"]
[Result "1/2-1/2"]
[WhiteElo "1882"]
[BlackElo "2072"]
[PlyCount "107"]
[EventDate "2013.01.02"]
[EventType "swiss"]
[EventRounds "7"]
[EventCountry "GER"]
[SourceTitle "EXT 2014"]
[Source "ChessBase"]
[SourceDate "2013.11.20"]
[SourceVersion "1"]
[SourceVersionDate "2013.11.20"]
[SourceQuality "1"]

1. e4 c5 2. Nf3 d6 3. d4 cxd4 4. Nxd4 Nf6 5. Nc3 g6 6. Be3 Bg7 7. f3 0-0 8. Qd2 Nc6 9. Bc4 Nxd4 10. Bxd4 Be6 11. Bb3 Qa5 12. 0-0-0 Bxb3 13. cxb3 b5 14. Kb1 b4 15. Nd5 Nxd5 16. Bxg7 Kxg7 17. Qxd5 Qxd5 18. Rxd5 Rfc8 19. Rhd1 Rc7 20. Rc1 Rxc1+ 21. Kxc1 Kf6 22. Rb5 a5 23. Kd2 Ke6 24. Kd3 Ra7 25. g4 Kf6 26. h4 e5 27. a3 bxa3 28. bxa3 Ke6 29. Rb8 f6 30. Re8+ Kd7 31. Rg8 Ke6 32. Rc8 Kd7 33. Rc4 Rb7 34. Kc3 d5 35. exd5 Kd6 36. Rc6+ Kxd5 37. Rxf6 Rc7+ 38. Kd2 Rb7 39. Kc3 Rc7+ 40. Kb2 Kd4 41. Re6 Rf7 42. Rd6+ Ke3 43. Rd5 Re7 44. Kc2 Kxf3 45. h5 e4 46. hxg6 hxg6 47. Kd1 e3 48. Rd6 Kxg4 49. Rxg6+ Kf5 50. Ra6 Re5 51. Ke2 Rb5 52. b4 axb4 53. axb4 Rxb4 54. Kxe3 1/2-1/2

[Event "Berlin Lichtenberger op 6th"]
[Site "Berlin"]
[Date "2007.??.??"]
[Round "?"]
[White "Richter, Daniel"]
[Black "Meister, Jakob"]
[Result "0-1"]
[WhiteElo "2080"]
[BlackElo "2481"]
[PlyCount "72"]
[EventDate "2007.08.18"]
[EventType "swiss"]
[EventRounds "9"]
[EventCountry "GER"]
[SourceTitle "CBM 120 Extra"]
[Source "ChessBase"]
[SourceDate "2007.11.01"]
[SourceVersion "1"]
[SourceVersionDate "2007.11.01"]
[SourceQuality "1"]

1. e4 g6 2. d4 Bg7 3. Nc3 d6 4. Be3 a6 5. Qd2 b5 6. a4 b4 7. Nd1 a5 8. c3 bxc3 9. bxc3 Nf6 10. f3 0-0 11. Nf2 Nbd7 12. Bb5 Bb7 13. Ne2 c6 14. Bd3 Ba6 15. 0-0 Qc7 16. g4 Rfb8 17. g5 Ne8 18. Ng4 Bxd3 19. Qxd3 Rb2 20. f4 Qc8 21. Bc1 Rbb8 22. f5 Nf8 23. Ng3 f6 24. h4 Qa6 25. Qf3 Qc4 26. e5 dxe5 27. dxe5 Nd7 28. Ba3 Rb3 29. Bxe7 Rxc3 30. Ne3 Nxe5 31. Qf2 Qxh4 32. fxg6 hxg6 33. gxf6 Bxf6 34. Bxf6 Nxf6 35. Qxf6 Qxg3+ 36. Ng2 Nf3+ 0-1

[Event "Augsburg Afro op"]
[Site "Augsburg"]
[Date "2003.08.09"]
[Round "5"]
[White "Schmidt, Georg"]
[Black "Richter, Daniel"]
[Result "1-0"]
[WhiteElo "2353"]
[BlackElo "2152"]
[PlyCount "79"]
[EventDate "2003.08.06"]
[EventType "swiss"]
[EventRounds "7"]
[EventCountry "GER"]
[SourceTitle "EXT 2006"]
[Source "ChessBase"]
[SourceDate "2005.11.24"]
[SourceVersion "1"]
[SourceVersionDate "2005.11.24"]
[SourceQuality "1"]

1. e4 g6 2. d4 Bg7 3. Nc3 d6 4. Be3 c6 5. Qd2 Nf6 6. f3 b5 7. g4 Qa5 8. g5 Nh5 9. Nge2 b4 10. Nd1 0-0 11. Ng3 e5 12. Nxh5 gxh5 13. dxe5 dxe5 14. a3 Na6 15. Bxa6 Bxa6 16. Qxb4 Qc7 17. Bc5 Rab8 18. Qc3 Rfd8 19. h4 Qd7 20. Ne3 Qb7 21. b3 Qb5 22. Rh2 Bf8 23. Bxf8 Kxf8 24. a4 Qb6 25. Rd1 Rd4 26. a5 Rxd1+ 27. Kxd1 Rd8+ 28. Rd2 Rxd2+ 29. Kxd2 Qb5 30. Kd1 Bc8 31. Nc4 Qc5 32. Qxe5 Qxe5 33. Nxe5 Bb7 34. Kd2 Ke7 35. Nd3 Kd6 36. b4 Ba6 37. Nc5 Bc8 38. Ke3 Ke5 39. f4+ Kd6 40. Kd4 1-0